000 00475nam a2200193Ia 4500
005 20240823024539.0
008 240823s9999||||xx |||||||||||||| ||und||
020 _a978-81-203-3846-3
041 _aENGLISH
082 _A660.2842 P9
100 _aGopinath Halder
245 2 _aA Textbook of Chemical Engineering Thermodynamics
250 _a1st
260 _c2009
_b#VALUE!
500 _aYES
650 _aThermodynamics
_bMechanical
942 _cBK
999 _c184178
_d184178